000 00373nam a2200121Ia 4500
008 250110s9999 xx 000 0 und d
041 _aeng
100 _aTambe Nirupa S
_9182854
245 _aLandscape Development Proposal For Wetland Sewri Wetland Mumbai
260 _bM Arch Landscape Architecture BNCA, Pune
_c2015
300 _a155p
700 _aGuide Name:BNCA
_9210531
999 _c363723
_d363723